000 00600nam a22002537a 4500
003 UA-OsUOA
001 24606
007 ta
008 20040223b un ||||| |||| 00| 0 ukr d
100 _aСкворцов Н.Н.
090 _a330.33.012
_bС42
942 _cBK
040 _aUA-OsUOA
_brus
_cUA-OsUOA
_dUA-OsUOA
245 _aБизнес-план предприятия
300 _a189 с.
955 _a0
041 _arus
080 _a330.33.012
020 _a5-11-004577-1
260 _aКиев
_bВища школа
_c1995
044 _aUA
650 7 _2UDC
999 _c310884
_d310884